Länder, deren Hauptstadt mit demselben Buchstaben beginnt - Statistiken

Allgemein
  • Dieses Quiz wurde 111 mal gespielt
    110 seit der letzten Aktualisierung
  • Das Durchschnittsergebnis liegt bei 5 aus 11
Antwortstatistiken
Land Hauptstadt % Korrekt
Belgien Brüssel
87%
Schweden Stockholm
82%
Südkorea Seoul
63%
Äthiopien Addis Abeba
48%
Niger Niamey
45%
Mosambik Maputo
43%
Guyana Georgetown
35%
Marshallinseln Majuro
29%
Barbados Bridgetown
28%
Papua-Neuguinea Port Moresby
28%
Brunei Bandar Seri Begawan
24%
Keine übereinstimmenden Quizze gefunden
Verteilung der Resultate
Anzahl Personen mit jedem Resultat
Perzentil nach korrekt beantworteten Fragen
Ihre Resultats-Entwicklung
Sie haben dieses Quiz seit der letzten Aktualisierung nicht gespielt